<?xml version="1.0" encoding="UTF-8"?>
<record
    xmlns:xsi="http://www.w3.org/2001/XMLSchema-instance"
    xsi:schemaLocation="http://www.loc.gov/MARC21/slim http://www.loc.gov/standards/marcxml/schema/MARC21slim.xsd"
    xmlns="http://www.loc.gov/MARC21/slim">

  <leader>00958nam a22001937a 4500</leader>
  <datafield tag="999" ind1=" " ind2=" ">
    <subfield code="c">57236</subfield>
    <subfield code="d">57236</subfield>
  </datafield>
  <controlfield tag="003">Ge_BSU</controlfield>
  <controlfield tag="005">20200127105331.0</controlfield>
  <controlfield tag="008">200127s2007    ge ||||| |||| 00| 0 geo d</controlfield>
  <datafield tag="020" ind1=" " ind2=" ">
    <subfield code="a">9789941002335</subfield>
  </datafield>
  <datafield tag="041" ind1=" " ind2=" ">
    <subfield code="a">geo</subfield>
  </datafield>
  <datafield tag="080" ind1=" " ind2=" ">
    <subfield code="a">34(479.223)(094.1) &#x10D0;-97</subfield>
  </datafield>
  <datafield tag="245" ind1=" " ind2=" ">
    <subfield code="a">&#x10D0;&#x10ED;&#x10D0;&#x10E0;&#x10D8;&#x10E1; &#x10D0;&#x10D5;&#x10E2;&#x10DD;&#x10DC;&#x10DD;&#x10DB;&#x10D8;&#x10E3;&#x10E0;&#x10D8; &#x10E0;&#x10D4;&#x10E1;&#x10DE;&#x10E3;&#x10D1;&#x10DA;&#x10D8;&#x10D9;&#x10D0; :</subfield>
    <subfield code="b">&#x10E1;&#x10D0;&#x10D9;&#x10D0;&#x10DC;&#x10DD;&#x10DC;&#x10DB;&#x10D3;&#x10D4;&#x10D1;&#x10DA;&#x10DD; &#x10D0;&#x10E5;&#x10E2;&#x10D4;&#x10D1;&#x10D8;&#x10E1; &#x10D9;&#x10E0;&#x10D4;&#x10D1;&#x10E3;&#x10DA;&#x10D8;, 2004-2007   /</subfield>
    <subfield code="c">&#x10E0;&#x10D4;&#x10D3;. &#x10DE;&#x10D4;&#x10E2;&#x10E0;&#x10D4; &#x10D6;&#x10D0;&#x10DB;&#x10D1;&#x10D0;&#x10EE;&#x10D8;&#x10EB;&#x10D4; .</subfield>
  </datafield>
  <datafield tag="264" ind1=" " ind2=" ">
    <subfield code="a">&#x10D1;&#x10D0;&#x10D7;&#x10E3;&#x10DB;&#x10D8; :</subfield>
    <subfield code="b">&#x10D2;&#x10E0;&#x10D8;&#x10E4;&#x10DD;&#x10DC;&#x10D8;,</subfield>
    <subfield code="c">2007.</subfield>
  </datafield>
  <datafield tag="300" ind1=" " ind2=" ">
    <subfield code="a">388 &#x10D2;&#x10D5; . : </subfield>
    <subfield code="b">&#x10EA;&#x10EE;. ; </subfield>
    <subfield code="c">20 &#x10E1;&#x10DB;.</subfield>
  </datafield>
  <datafield tag="653" ind1=" " ind2=" ">
    <subfield code="a">&#x10E1;&#x10D0;&#x10DB;&#x10D0;&#x10E0;&#x10D7;&#x10D0;&#x10DA;&#x10D8;</subfield>
  </datafield>
  <datafield tag="653" ind1=" " ind2=" ">
    <subfield code="a">&#x10D0;&#x10ED;&#x10D0;&#x10E0;&#x10D8;&#x10E1; &#x10D0;&#x10D5;&#x10E2;&#x10DD;&#x10DC;&#x10DD;&#x10DB;&#x10D8;&#x10E3;&#x10E0;&#x10D8; &#x10E0;&#x10D4;&#x10E1;&#x10DE;&#x10E3;&#x10D1;&#x10DA;&#x10D8;&#x10D9;&#x10D8;&#x10E1; &#x10E1;&#x10D0;&#x10D9;&#x10D0;&#x10DC;&#x10DD;&#x10DC;&#x10DB;&#x10D3;&#x10D4;&#x10D1;&#x10DA;&#x10DD; &#x10D0;&#x10E5;&#x10E2;&#x10D4;&#x10D1;&#x10D8;</subfield>
  </datafield>
  <datafield tag="700" ind1=" " ind2=" ">
    <subfield code="a">&#x10D6;&#x10D0;&#x10DB;&#x10D1;&#x10D0;&#x10EE;&#x10D8;&#x10EB;&#x10D4;, &#x10DE;&#x10D4;&#x10E2;&#x10E0;&#x10D4;</subfield>
    <subfield code="e">&#x10E0;&#x10D4;&#x10D3;&#x10D0;&#x10E5;&#x10E2;&#x10DD;&#x10E0;&#x10D8;</subfield>
    <subfield code="9">2981</subfield>
  </datafield>
  <datafield tag="942" ind1=" " ind2=" ">
    <subfield code="2">udc</subfield>
    <subfield code="c">BK</subfield>
  </datafield>
  <datafield tag="952" ind1=" " ind2=" ">
    <subfield code="0">0</subfield>
    <subfield code="1">0</subfield>
    <subfield code="2">udc</subfield>
    <subfield code="4">0</subfield>
    <subfield code="6">344792230941_&#x10D0;97</subfield>
    <subfield code="7">0</subfield>
    <subfield code="9">88498</subfield>
    <subfield code="a">CPL</subfield>
    <subfield code="b">CPL</subfield>
    <subfield code="c">GEN</subfield>
    <subfield code="d">2020-01-27</subfield>
    <subfield code="g">12.00</subfield>
    <subfield code="o">34(479.223)(094.1) &#x10D0;-97</subfield>
    <subfield code="p">59548</subfield>
    <subfield code="r">2020-01-27</subfield>
    <subfield code="t">59548</subfield>
    <subfield code="w">2020-01-27</subfield>
    <subfield code="y">BK</subfield>
    <subfield code="z">12.00</subfield>
  </datafield>
  <datafield tag="952" ind1=" " ind2=" ">
    <subfield code="0">0</subfield>
    <subfield code="1">0</subfield>
    <subfield code="2">udc</subfield>
    <subfield code="4">0</subfield>
    <subfield code="6">344792230941_&#x10D0;97</subfield>
    <subfield code="7">0</subfield>
    <subfield code="9">88499</subfield>
    <subfield code="a">CPL</subfield>
    <subfield code="b">CPL</subfield>
    <subfield code="c">GEN</subfield>
    <subfield code="d">2020-01-27</subfield>
    <subfield code="g">12.00</subfield>
    <subfield code="o">34(479.223)(094.1) &#x10D0;-97</subfield>
    <subfield code="p">28929</subfield>
    <subfield code="r">2020-01-27</subfield>
    <subfield code="t">28929</subfield>
    <subfield code="w">2020-01-27</subfield>
    <subfield code="y">BK</subfield>
    <subfield code="z">12.00</subfield>
  </datafield>
  <datafield tag="952" ind1=" " ind2=" ">
    <subfield code="0">0</subfield>
    <subfield code="1">0</subfield>
    <subfield code="2">udc</subfield>
    <subfield code="4">0</subfield>
    <subfield code="6">344792230941_&#x10D0;97</subfield>
    <subfield code="7">0</subfield>
    <subfield code="9">88500</subfield>
    <subfield code="a">CPL</subfield>
    <subfield code="b">CPL</subfield>
    <subfield code="c">GEN</subfield>
    <subfield code="d">2020-01-27</subfield>
    <subfield code="g">12.00</subfield>
    <subfield code="o">34(479.223)(094.1) &#x10D0;-97</subfield>
    <subfield code="p">28930</subfield>
    <subfield code="r">2020-01-27</subfield>
    <subfield code="t">28930</subfield>
    <subfield code="w">2020-01-27</subfield>
    <subfield code="y">BK</subfield>
    <subfield code="z">12.00</subfield>
  </datafield>
  <datafield tag="952" ind1=" " ind2=" ">
    <subfield code="0">0</subfield>
    <subfield code="1">0</subfield>
    <subfield code="2">udc</subfield>
    <subfield code="4">0</subfield>
    <subfield code="6">344792230941_&#x10D0;97</subfield>
    <subfield code="7">0</subfield>
    <subfield code="9">88501</subfield>
    <subfield code="a">CPL</subfield>
    <subfield code="b">CPL</subfield>
    <subfield code="c">GEN</subfield>
    <subfield code="d">2020-01-27</subfield>
    <subfield code="g">12.00</subfield>
    <subfield code="o">34(479.223)(094.1) &#x10D0;-97</subfield>
    <subfield code="p">28931</subfield>
    <subfield code="r">2020-01-27</subfield>
    <subfield code="t">28931</subfield>
    <subfield code="w">2020-01-27</subfield>
    <subfield code="y">BK</subfield>
    <subfield code="z">12.00</subfield>
  </datafield>
</record>
